[Event "Global Chess League"]
[Site "chess24.com"]
[Date "2023.07.02"]
[Round "15.6"]
[White "Sindarov, Javokhir"]
[Black "Bjerre, Jonas"]
[Result "0-1"]
[WhiteElo "2596"]
[BlackElo "2535"]
[EventDate "2023.??.??"]
[Annotator "Bojkov,Dejan"]
[PlyCount "142"]
[Beauty "5777137600018"]
[EventType "team-tourn"]
[WhiteTeam "Uzbekistan"]
[BlackTeam "Denmark"]
[WhiteTeamCountry "UZB"]
[BlackTeamCountry "DEN"]

1.e4 c5 2.Nf3 d6 3.d4 cxd4 4.Nxd4 Nf6 5.Nc3 a6 6.h3 e5 7.Nb3 {A positional approach against the aggressive Najdorf.} 7...Be6 8.f4 ( {White has also tried:} 8.Be3 Nbd7 9.g4 h6 10.Qd3 Nc5 11.Nxc5 dxc5 12.Qe2 Be7 13.Bg2 O-O 14.O-O {in the recent game between Gukesh,D (2718)-Keymer,V (2690) Dusseldorf 2023} ) 8...b5 $1 {[%mdl 4] [%c_effect b5;square;b5;type;GreatFind;persistent;true] A fashionable continuation, which scores well for Black. Vachier-Lagrave plays it, which means it had passed all quality tests.} 9.fxe5 dxe5 10.Qxd8+ {Sindarov enters an endgame and a line where he already has experience.} 10...Kxd8 11.Bg5 ( {One recent game of the top French GM saw} 11.Be3 Nbd7 12.O-O-O Rc8 13.Bb6+ Ke8 14.Ba5 Nc5 15.Nxc5 Bxc5 16.Be2 h5 17.Kb1 Ke7 18.Rhe1 Bf2 19.Bb4+ Bc5 20.Ba5 Bf2 21.Bb4+ Bc5 22.Ba5 {1/2-1/2 (22) Wang,H (2744)-Vachier Lagrave,M (2750) Stavanger 2022} ) 11...Nd7 12.a4 {Endgames are generally considered to be good for the Sicilian players, unless one find something very concrete for White.} 12...b4 13.Nd5 Be7 14.Rd1 Bxd5 15.exd5 Ne4 16.h4 h6 $146 {Bjerre fires a novelty in a game of Sindarov $1} ( {That predecessor saw:} 16...Nxg5 17.hxg5 Bxg5 18.d6 h5 19.Bc4 Rc8 20.Na5 Bf4 21.Rh3 h4 {and Black successfully defended in Sindarov,J (2661)-Yuffa, D (2592) Dubai 2023} ) 17.Be3 $1 {[%c_effect e3;square;e3;type;GreatFind;persistent;true] White needs to keep the bishop pair if he wants to have any chance of an edge.} ( {Or else Black would be way too comfortable in the line} 17.Bxe7+ Kxe7 18.Rh3 f5 ) 17...Bd6 {The white bishops are good, no doubt. But so are the black pieces; they are all having wonderful squares, blocking the enemy pawns with ease.} 18.Na5 f5 19.Bd3 Ng3 ( {Perhaps more solid is} 19...Ndf6 $5 {[%c_effect f6;square;f6;type;Interesting;persistent;true]} ) 20.Rh3 $1 {[%c_effect h3;square;h3;type;GreatFind;persistent;true] A nice maneuver by Sindarov, he finds a way to use all his pieces.} 20...f4 21.Nb7+ {Snatching the second bishop.} ( {White has less than nothing in the line} 21.Bf2 e4 22.Bxg3 exd3 23.Bf2 dxc2 ) 21...Kc7 22.Nxd6 Kxd6 23.Bf2 Nh5 24.Be2 Nhf6 25.Rb3 a5 ( {And here more accurate is} 25...Rhc8 26.Rxb4 Rxc2 {which seemingly maintains the balance.} ) 26.c3 {Sindarov pins his hopes with dynamics.} 26...bxc3 27.Rxc3 Rhc8 {Now all Black needs is to trade a pair of rooks in order to prove that the opponent's pawn structure is horrible.} 28.Rc6+ $1 {[%c_effect c6;square;c6;type;GreatFind;persistent;true] But this would never happen $1 It is better to sacrifice a pawn than to trade the rooks $1} ( {Indeed} 28.Rxc8 $2 {[%c_effect c8;square;c8;type;Mistake;persistent;true]} 28...Rxc8 29.Rb1 Ne4 {would have led to a positional disaster for White.} ) 28...Rxc6 29.dxc6+ Kxc6 30.Bb5+ {The two bishops are developing enormous strength, and Bjerre has to survive a lot of unpleasant moments.} 30...Kc7 31.Ke2 e4 ( {If} 31...g5 32.Be1 {switching to the better diagonal.} ) 32.Bd4 ( {Here} 32.Be1 Ne5 33.Bc3 {is not as effective due to} 33...f3+ $1 {[%c_effect f3;square;f3;type;GreatFind;persistent;true]} ) 32...Rd8 {Alas, the most obvious move is not the best.} ( {Strong is the study-like idea} 32...Ng4 $1 {[%c_effect g4;square;g4;type;GreatFind;persistent;true] and if} 33.Bxg7 Ndf6 {locks and trades one of the nasty white bishops, thus inching close to the equality.} ) 33.Bc3 $1 {[%c_effect c3;square;c3;type;GreatFind;persistent;true] Now White gets all he wants, his pieces are optimal.} 33...Ra8 34.b3 {Solid.} ( {But instead} 34.b4 $1 {[%c_effect b4;square;b4;type;GreatFind;persistent;true] would be even stronger} 34...axb4 35.Bxb4 g5 36.a5 {with total domination of the white pieces.} ) 34...e3 ( {Here} 34...g5 $1 {[%c_effect g5;square;g5;type;GreatFind;persistent;true] would spare Black a lot of trouble in order to untie his pieces a bit after, say} 35.hxg5 hxg5 36.Rh1 Kd6 ) 35.Kf3 {A very human and good move.} ( {However, that is an even better moment for} 35.b4 $1 {[%c_effect b4;square;b4;type;GreatFind;persistent;true]} 35...axb4 36.Bxb4 g5 37.a5 {when Black has barely anything to move.} ) 35...g5 $1 {[%c_effect g5;square;g5;type;GreatFind;persistent;true]} 36.hxg5 hxg5 37.g3 {Again, very sensible. White destroys the enemy pawn chain and regains the pawn. The only drawback of the move is that it trades White's only kingside pawn.} 37...fxg3 38.Kxe3 g2 39.Rc1 ( {In case of} 39.Kf3 {Black would have likely answered as in the game with} 39...Nd5 $1 {[%c_effect d5;square;d5;type;GreatFind;persistent;true]} 40.Bd2 Ne5+ 41.Kxg2 {when Black should likely hold after} 41...Nf4+ ( {Or} 41...Kd6 ) ) 39...Nd5+ 40.Kf2 Kd6 {Complicates matters.} ( {Safer is} 40...Nxc3 41.Rxc3+ Kd8 {as Black needs not to fear the pin} 42.Rd3 Ra7 ) 41.Rd1 Kc5 {A blunder $1} ( {A nice equalizer instead is} 41...Ne5 $1 {[%c_effect e5;square;e5;type;GreatFind;persistent;true]} 42.Bc4 Ng4+ 43.Kg1 Ne3 ) 42.Bd4+ {Sindarov misses in return.} ( {There is not} 42.Bxd7 Nxc3 ) ( {But the preliminary} 42.Rxd5+ $1 {[%c_effect d5;square;d5;type;GreatFind;persistent;true]} 42...Kxd5 43.Bxd7 {would win enough material for White.} ) 42...Kd6 43.Bb2 Nb6 44.Kxg2 Ke6 {Wrong direction $1} ( 44...Kc5 $1 {[%c_effect c5;square;c5;type;GreatFind;persistent;true] is called for.} ) 45.Kg3 Rc8 46.Re1+ ( 46.Rh1 $5 {[%c_effect h1;square;h1;type;Interesting;persistent;true]} 46...Rc2 47.Rh6+ Ke7 48.Bd4 ) 46...Kf7 {Bjerre continues to move the king and the wrong direction, and this almost costs him the point $1} ( 46...Kd6 $1 {[%c_effect d6;square;d6;type;GreatFind;persistent;true] is mandatory here.} ) 47.Rf1+ ( 47.Bd4 $1 {[%c_effect d4;square;d4;type;GreatFind;persistent;true] at once is possible, of course.} ) 47...Ke6 48.Re1+ Kf7 49.Bd4 $1 {[%c_effect d4;square;d4;type;GreatFind;persistent;true] Sindarov finds the right path $1} 49...Rc2 50.Re5 {But here White misses two golden opportunities in a row.} ( {There is another study-like solution. After} 50.Be8+ $1 {[%c_effect e8;square;e8;type;GreatFind;persistent;true]} 50...Kf8 51.Bh5 $1 {[%c_effect h5;square;h5;type;GreatFind;persistent;true] the black king is suddenly in a mating net and} 51...Rc8 52.Re5 {wins a pawn for White while keeping all other positional advantages for him.} ) 50...Rd2 51.Bxb6 ( {This is the second good moment for} 51.Be8+ $1 {[%c_effect e8;square;e8;type;GreatFind;persistent;true]} 51...Kf8 52.Bc5+ Kg7 53.Rxg5+ Kf6 54.Rg6+ {with a win.} ) 51...Nxb6 52.Rxg5 {White wins a pawn here as well, but the lack of the bishop pair prevents him from converting it. Still, there is nothing wrong to play for a win without any risk, right $2} 52...Rb2 53.Rf5+ Ke6 54.Rf3 Ke5 55.Rd3 Nd5 56.Kf3 Nb4 57.Re3+ Kd4 58.Bc4 Nc6 59.Rd3+ Kc5 60.Rd5+ Kb6 61.Ke4 Rh2 62.Rb5+ Kc7 63.Ke3 Rh3+ 64.Kd2 Rh2+ 65.Kc3 Rh3+ 66.Kb2 Rh2+ 67.Ka3 Rd2 68.Rh5 Kb6 69.Rb5+ Kc7 70.Bd5 Nb4 {Until the unthinkable happened...} 71.Be4 ( 71.Rxa5 Nxd5 {would still be a draw.} ) 71...Ra2# 0-1

[Event "E World Cup 2023"]
[Site "Baku, Azerbaijan"]
[Date "2023.08.02"]
[Round "2"]
[White "Lagarde, Maxime"]
[Black "Praggnanandhaa, R."]
[Result "0-1"]
[WhiteElo "2599"]
[BlackElo "2690"]
[EventDate "2023.??.??"]
[Annotator "rafael"]
[PlyCount "77"]
[Beauty "7769373290574"]
[EventType "simul"]
[EventRounds "2"]
[EventCountry "AZE"]
[TimeControl "40/5400+30:1800+30"]

1.e4 e5 2.Nf3 Nc6 3.Bb5 Nge7 {This opening choice probably came as a surprise to Lagarde.} 4.Nc3 {The third most popular move and one with a good reputation. 4.0-0, 4.c3 and 4.d4 are also usually played.} 4...Ng6 5.d4 Nxd4 6.Nxd4 exd4 7.Qxd4 c6 8.Be2 Qb6 {This position has occurred in many games of strong GMs.} 9.Qd3 ( 9.Qd2 $5 {[%c_effect d2;square;d2;type;Interesting;persistent;true] is an interesting idea in order to play with b3-Bb2 while keeping the queen on a safer square.} 9...Be7 10.b3 O-O 11.Bb2 {This was played in Aronian-Sadhwani, Chess.com (rapid) 2022.} ) 9...Be7 ( 9...d6 $6 {[%c_effect d6;square;d6;type;Inaccuracy;persistent;true] was tried in Dominguez Perez-Carlsen, St.Louis (blitz) 2020. Now White could play} 10.h4 $1 {[%c_effect h4;square;h4;type;GreatFind;persistent;true] with a strong initative.} ) 10.f4 {A new move and probably a result of over-the-board inspiration.} ( 10.O-O {As I like to say: \"Whenever in doubt, just castle.\" No wonder this is the move played most often...} ) ( 10.h4 $5 {[%c_effect h4;square;h4;type;Interesting;persistent;true] It's interesting to sacrifice the h-pawn in order to attack.} 10...Bxh4 11.g3 {with a complicated game in Howell-Erwich, Leiden 2012.} ) ( 10.Qg3 {is not dangerous:} 10...Bh4 11.Qe3 O-O {with an equal position in Mrva-Pechac, Slovakia 2021.} ) 10...O-O {Praggnanandhaa follows the aforementioned principle and decides to castle.} ( 10...d5 $5 {[%c_effect d5;square;d5;type;Interesting;persistent;true] The computer mentions this interesting and thematic move.} 11.exd5 Nh4 $1 {[%c_effect h4;square;h4;type;GreatFind;persistent;true] with excellent compensation for Black in this messy position.} ) 11.h4 ( 11.Bd2 $5 {[%c_effect d2;square;d2;type;Interesting;persistent;true] is a possibility, sacrificing a pawn:} 11...Qxb2 12.Rb1 Qa3 13.h4 $1 {[%c_effect h4;square;h4;type;GreatFind;persistent;true] with compensation.} ) 11...d5 $1 {[%c_effect d5;square;d5;type;GreatFind;persistent;true] Every schoolboy knows that against an attack on the flank, you should strike on the center. This is easy on paper, but difficult to replicate in our games. This is a textbook example.} 12.h5 $2 {[%c_effect h5;square;h5;type;Mistake;persistent;true]} ( 12.exd5 {is necessary. Black has a good position, but all results are still possible.} 12...Rd8 ( 12...Bxh4+ 13.g3 Bf6 {is also good.} ) 13.h5 Nh4 ) 12...dxe4 13.Qg3 {The only way to justify White's previous move.} ( 13.Qxe4 $2 {[%c_effect e4;square;e4;type;Mistake;persistent;true]} 13...Bh4+ ) ( 13.Nxe4 Nh4 ) 13...Nh4 $1 {[%c_effect h4;square;h4;type;GreatFind;persistent;true] I believe the French GM underestimated the strength of this move.} 14.Rxh4 Qg1+ 15.Bf1 e3 $1 {[%c_effect e3;square;e3;type;GreatFind;persistent;true] This is the point. The rook should not be taken yet. Black is threatening 16...Qf2+.} 16.Nd1 {The only defense.} ( 16.Rh2 {is refuted by} 16...Bc5 $1 {[%c_effect c5;square;c5;type;GreatFind;persistent;true] and Black wins in all variations, for instance:} 17.Ne2 ( 17.Ne4 e2 $1 {[%c_effect e2;square;e2;type;GreatFind;persistent;true]} 18.Kxe2 Re8 ) ( 17.Nd1 e2 $1 {[%c_effect e2;square;e2;type;GreatFind;persistent;true] again this nice pawn sac to open lines.} 18.Kxe2 Re8+ 19.Be3 Bf5 {with a decisive attack.} ) 17...Qf2+ 18.Qxf2 exf2+ 19.Kd2 Rd8+ 20.Kc3 Rd1 21.Ng3 Bd4+ 22.Kb3 Be6+ 23.c4 Re8 $19 ) 16...Re8 {A strong and cold-blooded move, simply protecting the e3-pawn.} ( 16...Bxh4 17.Qxh4 Re8 {is also good, but it's more subtle to keep the dark-squared bishop.} ) 17.Ke2 Be6 $1 {[%c_effect e6;square;e6;type;GreatFind;persistent;true] Black completes development while threatening a deadly check on c4. The e3-pawn cannot be captured.} 18.b3 ( 18.Bxe3 Bc4+ ) ( 18.Nxe3 Bc4+ ) ( 18.f5 $1 {[%c_effect f5;square;f5;type;GreatFind;persistent;true] This is the best practical chance, although Black is still winning.} 18...Bxh4 19.Qxh4 Bd5 $1 {[%c_effect d5;square;d5;type;GreatFind;persistent;true] An accurate move.} ( 19...Bxf5 {is not clear after} 20.Bxe3 ) 20.Bxe3 ( 20.Nxe3 Re4 $1 {[%c_effect e4;square;e4;type;GreatFind;persistent;true]} 21.Qf2 Bc4+ 22.Ke1 ( 22.Kf3 $2 {[%c_effect f3;square;f3;type;Mistake;persistent;true]} 22...Rf4+ ) 22...Qh1 {with a strong attack.} ) 20...Bxg2 21.Bxg2 Qxg2+ 22.Nf2 Re5 $1 {[%c_effect e5;square;e5;type;GreatFind;persistent;true] White will be unable to defend this position.} ) 18...Rad8 $1 {[%c_effect d8;square;d8;type;GreatFind;persistent;true] The rook joins the battle and the army is complete.} 19.Nxe3 ( 19.Bxe3 {also loses in style:} 19...Bc5 ( 19...Bxh4 {is another way:} 20.Qxh4 Bg4+ $1 {[%c_effect g4;square;g4;type;GreatFind;persistent;true]} 21.Qxg4 Rxd1 22.Kxd1 ( 22.Rxd1 Qxe3# ) 22...Qxf1+ 23.Kd2 Rd8+ 24.Bd4 Qf2+ 25.Kc1 Qxd4 {with a winning position.} ) 20.Qf2 ( 20.Bxc5 Bg4# ) 20...Bxe3 21.Qxg1 ( 21.Nxe3 Rd2+ ) 21...Bxg1 {White's king is still in danger even after the queen exchange.} ) 19...Bf6 ( 19...Bxh4 {This also leads to a win, but I prefer the move played in the game.} 20.Qxh4 Bf5 21.Kf3 Be4+ 22.Kg3 Bxc2 $1 {[%c_effect c2;square;c2;type;GreatFind;persistent;true]} ) 20.Rb1 Bf5 $1 {[%c_effect f5;square;f5;type;GreatFind;persistent;true]} 21.Qf2 ( 21.Rb2 Rd4 $5 {[%c_effect d4;square;d4;type;Interesting;persistent;true] with the idea of doubling rooks on the e-file. White is completely paralyzed.} ) 21...Bxh4 $1 {[%c_effect h4;square;h4;type;GreatFind;persistent;true]} 22.Qxh4 ( 22.Qxg1 Bg4# {What a nice checkmate $1} ) 22...Bxc2 $1 {[%c_effect c2;square;c2;type;GreatFind;persistent;true]} 23.Qxd8 Rxd8 24.Nxc2 Qc5 {Finally the fireworks are over and we can evaluate the position. White has three minor pieces against queen and pawn, but another pawn will soon be captured, the pieces are uncoordinated and the king is in danger. Black is winning.} 25.Ne3 Re8 {It's impressive how Praggnanandhaa continues to play the most precise moves. 26...Qc2+ is threatened.} 26.Kf3 Qd4 {27...Qe4+ is threatened.} 27.Ke2 Qc5 ( 27...Qxf4 {is also winning.} ) 28.Kf3 Qxh5+ 29.g4 ( 29.Kf2 g5 $5 {[%c_effect g5;square;g5;type;Interesting;persistent;true] There are other ways to win, but this looks very convincing.} 30.fxg5 Qxg5 {White will lose material, for example:} 31.Bd3 Qf4+ 32.Ke2 Qg3 {The g2-pawn cannot be defended.} ) 29...Qh1+ 30.Kg3 Re6 ( 30...h5 {is also good, immediately opening lines.} ) 31.Bd2 h5 $1 {[%c_effect h5;square;h5;type;GreatFind;persistent;true]} 32.gxh5 Qxh5 33.Re1 Rg6+ 34.Kf2 Qh4+ 35.Kf3 Qg3+ 36.Ke4 ( 36.Ke2 Qxf4 {is easily winning.} ) 36...Rd6 37.Re2 f5+ $1 {[%c_effect f5;square;f5;type;GreatFind;persistent;true] This is definitely one of the best games I've seen this year.} ( 37...f5+ 38.Kxf5 ( 38.Ke5 Qg6 39.Nxf5 Qe6# ) 38...Qg6+ 39.Ke5 Qe6# ) 38.Ke5 Qg6 39.Nxf5 0-1